Jedno výročie, jedno pripomenutie (pokus o malú portrétnu čierno-bielu skicu pani L. R.)

Podrobná bibliografia
Hlavný autor: Bindzár, Juraj, 1943-2019 (Autor)
Médium: Článok
Jazyk:slovenčina
Predmet:

MARC

LEADER 00000nab a2200000uu 4500
001 vtls012234054
003 SK-MaSNL
005 20260304013442.0
008 230627|2013 xo |||||||||||||||||slo|
015 |a SNBRB 
040 |a SNKBUCL  |b slo  |c SNKBUCL  |e AACR2 
041 0 |a slo 
044 |a xo  |c SK 
100 1 |a Bindzár, Juraj,  |d 1943-2019  |4 aut  |9 105677 
245 1 0 |a Jedno výročie, jedno pripomenutie  |b (pokus o malú portrétnu čierno-bielu skicu pani L. R.)  |c Juraj Bindzár 
500 |a Uverejnené v rubrike Rozhľadňa, ktorú pre Slovenské pohľady píše Juraj Bindzár 
600 1 7 |a Riefenstahl, Leni,  |d 1902-2003  |2 SNKPH  |9 651923 
655 7 |a črty  |2 SNKPH  |9 70772 
773 0 |t Slovenské pohľady  |g Roč. IV.+129, č. 9 (2013), s. 108-112 
852 |a Slovenská národná knižnica 
954 |a odborná, vedecká literatúra pôvodná (slovenská)  |2 lita 
999 |c 2575876  |d 2577806